| 000 | 01788nad a22002535a 4500 | ||
|---|---|---|---|
| 008 | 240903t2020 xxk f 000 0 eng d | ||
| 020 | _a9781783214051 | ||
| 041 | 0 | _aeng | |
| 110 | 2 |
_aRoyal Institution of Chartered Surveyors _94900 |
|
| 245 | 0 | 0 |
_aConflicts of interest for members acting as dispute resolvers _h[electronic resource] |
| 250 | _a2nd ed. | ||
| 260 |
_aLondon _bRICS _c2020 |
||
| 300 | _a30p. | ||
| 490 | 0 | _aRICS Professional Standard | |
| 500 | _aEffective from 1 February 2021 | ||
| 520 | _aThis professional standard covers the appointment of surveyors as arbitrators, independent experts, mediators, adjudicators, and other dispute resolvers. Surveyors may be appointed as dispute resolvers either by private agreement between the parties in dispute, or via RICS or other formal appointing parties, such as the Law Society or the Chartered Institute of Arbitrators (CIArb). The aim of this 2nd edition is to provide advice on dealing with possible conflicts of interest for surveyors who are appointed to resolve disputes. It also helps all parties involved in a dispute to understand the main principles and considerations, and to be aware of when an involvement may develop into a conflict of interest. | ||
| 520 | _aThis document was originally published in November 2020 as an RICS guidance note and reissued in October 2022 as an RICS professional standard | ||
| 650 | 2 | 4 | _aCONFLICTS OF INTEREST |
| 650 | 2 | 4 | _aRICS RULES OF CONDUCT |
| 651 | 4 | _aInternational | |
| 690 |
_aDispute resolution _96236 |
||
| 856 | 4 | 0 |
_uhttps://www.rics.org/profession-standards/rics-standards-and-guidance/sector-standards/dispute-resolution-standards/conflicts-of-interest-for-members-acting-as-dispute-resolvers-2nd-edition _zAvailable on RICS.org |
| 942 |
_n0 _2ddc |
||
| 999 |
_c121990 _d121990 |
||